Quantitative analysis of foraminiferal assemblages - reccomendations for standardization of data

Bibliographic Details
Main Author: Holcová-Šutovská, Katarína (Author)
Format: Article
Language:English
PhysicalDescription:Obr. 12, res. slov., lit. 35 zázn. v angl., slov.
ISBN:ISSN 01397435
Subjects:

MARC

LEADER 00000nab a2200000 a 4500
001 vtls000574226
003 SK-MaSNL
005 20260319074535.0
008 160204c1993 xo 0 eng
015 |a SNBRA19rr/mm-uuuuu 
035 |a CL0574364 
040 |a SNKBUCL  |b slo  |c SNKBUCL  |e AACR2 
041 0 |a eng 
044 |a xo  |c SK 
080 |a 563.12.0  |2 1981 
100 1 |a Holcová-Šutovská, Katarína  |4 aut  |9 893777 
245 1 0 |a Quantitative analysis of foraminiferal assemblages - reccomendations for standardization of data  |c Katarína Holcová-Šútovska 
300 |b Obr. 12, res. slov., lit. 35 zázn. v angl., slov. 
650 0 7 |a Foraminifera  |x spoločenstvá  |x analýzy kvantitatívne  |2 snkbucl  |9 993445 
655 7 |a články zo zborníkov  |2 snkbucl  |9 166140 
773 0 |t Západné Karpaty. Séria paleontológia 17  |d Bratislava : Geologický ústav D. Štúra, 1993  |g S. 99-115  |z ISSN 01397435 
850 |a Slovenská národná knižnica v Martine  |a MTA001 
852 |a SNK  |b KIS3GCP 
958 |a NB 
958 |a RK 
992 |a RZB 
999 |c 1600577  |d 1602507